Statistics for MOST FAVORITED HOLIDAYS IN ORDER

Click here to take the quiz!

General Stats

  • This quiz has been taken 152 times
  • The average score is 6 of 10

Answer Stats

TOP 10Answer% Correct
1Christmas
100%
2Halloween
91%
4Easter
89%
3Thanksgiving
78%
8Valentines Day
56%
5Independence Day
49%
7New Years Eve
44%
6New Years Day
32%
10Mothers Day
18%
9Christmas Eve
16%

Score Distribution

Percentile by Number Answered

Percent of People with Each Score

Your Score History

You have not taken this quiz